[Event "10th EUR-ch (w)"]
[Site "Sankt Petersburg RUS"]
[Date "2009.03.14"]
[Round "7"]
[White "Zykova, Antonina"]
[Black "Zainullina, Natalia"]
[Result "1/2-1/2"]
[WhiteElo "2103"]
[BlackElo "2173"]
[EventDate "2009.03.08"]
[PlyCount "173"]

1.e4 e5 2.Bc4 Nc6 3.Nf3 Be7 4.d3 Nf6 5.O-O O-O 6.Re1 d6 7.a4 Na5 8.Ba2 c5 
9.c3 Nc6 10.Nbd2 h6 11.Nf1 Re8 12.Ng3 Bf8 13.Nh4 d5 14.Nhf5 Be6 15.Qf3 Kh7
16.h3 d4 17.Qe2 g6 18.Nh4 Bxa2 19.Rxa2 Rc8 20.Nf3 Na5 21.Rd1 Qc7 22.h4 h5 
23.Ng5+ Kg8 24.Nh3 Nb3 25.Bg5 Bg7 26.Ra3 Na5 27.f3 dxc3 28.Rxc3 Qd6 29.Be3
b6 30.Qc2 Nc6 31.Ne2 Red8 32.Rd2 Ne8 33.Qb3 Na5 34.Qa2 Nc7 35.Ng5 Rd7 36.
f4 exf4 37.Bxf4 Qe7 38.Rc1 Nc6 39.Rf1 Ne6 40.Be3 Nxg5 41.Bxg5 Qd6 42.Kh1 
Re8 43.Nf4 Nb4 44.Qb3 Bd4 45.g4 hxg4 46.h5 Qe5 47.Bh6 g5 48.Ng6 Qe6 49.
Qxe6 fxe6 50.Bxg5 Rh7 51.h6 Rf7 52.Kg2 Rxf1 53.Kxf1 Kh7 54.Ne7 Rf8+ 55.Kg2
Be5 56.b3 Rf7 57.Rf2 Rxf2+ 58.Kxf2 Nxd3+ 59.Ke2 Nb4 60.Bd2 Bf6 61.Nc8 Nc6 
62.Bf4 Nd4+ 63.Kd3 Nxb3 64.Nxa7 e5 65.Bg3 Kxh6 66.Nc8 Bd8 67.Bxe5 Na5 68.
Nd6 Nc6 69.Nf7+ Kg6 70.Nxd8 Nxe5+ 71.Ke3 g3 72.Ne6 Kf6 73.Nf4 Kg5 74.Nd5 
c4 75.Ke2 Nd3 76.Kf3 Kh4 77.Ne3 c3 78.Nf5+ Kg5 79.Nxg3 c2 80.Ne2 c1=Q 81.
Nxc1 Nxc1 82.Ke3 Nb3 83.Kd3 Na5 84.Kc3 Nc6 85.Kc4 Na7 86.Kd5 Kf6 87.Kd6 
1/2-1/2

[Event "10th EUR-ch (w)"]
[Site "Sankt Petersburg RUS"]
[Date "2009.03.14"]
[Round "7"]
[White "Ambartsumova, Karina"]
[Black "Makka, Evanthia"]
[Result "1-0"]
[WhiteElo "2227"]
[BlackElo "2110"]
[EventDate "2009.03.08"]
[PlyCount "91"]

1.e4 d5 2.exd5 Qxd5 3.Nc3 Qa5 4.d4 Nf6 5.Bd2 Bg4 6.Nf3 Qf5 7.Bd3 Bxf3 8.
Bxf5 Bxd1 9.Rxd1 e6 10.Bd3 Nc6 11.Bb5 O-O-O 12.Bxc6 bxc6 13.Ne2 c5 14.Bg5 
cxd4 15.Bxf6 gxf6 16.Rxd4 Bc5 17.Rxd8+ Rxd8 18.Nc1 Bb4+ 19.c3 Bd6 20.Ke2 
Rg8 21.g3 h5 22.Rd1 f5 23.f4 f6 24.Kf3 h4 25.Ne2 hxg3 26.hxg3 e5 27.Rd5 
Kb7 28.c4 Rh8 29.Kg2 Kc6 30.a3 Rg8 31.b4 exf4 32.Nd4+ Kb7 33.c5 Be5 34.c6+
Kc8 35.Nxf5 Kb8 36.Ne7 Re8 37.gxf4 Bxf4 38.Rb5+ Ka8 39.Nd5 Be5 40.Rb7 Re6 
41.Rxc7 Re8 42.Kf3 Rb8 43.Ke4 a5 44.Rd7 axb4 45.axb4 Rb5 46.Kd3 1-0

[Event "10th EUR-ch (w)"]
[Site "Sankt Petersburg RUS"]
[Date "2009.03.14"]
[Round "7"]
[White "Abdulla, Khayala"]
[Black "Papadopoulou, Vera"]
[Result "1/2-1/2"]
[WhiteElo "2070"]
[BlackElo "2190"]
[EventDate "2009.03.08"]
[PlyCount "90"]

1.e4 c5 2.Nf3 d6 3.d4 cxd4 4.Nxd4 Nf6 5.Nc3 a6 6.Bc4 e6 7.Bb3 b5 8.O-O Be7
9.Qf3 Qb6 10.Be3 Qb7 11.Qg3 b4 12.Na4 Nbd7 13.f3 O-O 14.c3 bxc3 15.Nxc3 
Nc5 16.Rfd1 Bd7 17.Rd2 Rfc8 18.Bd1 Rc7 19.Nb3 Nxb3 20.axb3 a5 21.Qf2 Qb4 
22.Kh1 Rcc8 23.Bd4 e5 24.Be3 Be6 25.Bg5 Ng4 26.fxg4 Bxg5 27.Rd3 Bxb3 28.
Bxb3 Qxb3 29.Rxd6 h6 30.h3 Be7 31.Rb6 Qc4 32.Ra4 Qc7 33.Rb5 Bc5 34.Qf3 Bd4
35.Ne2 Qd7 36.Raxa5 Rxa5 37.Rxa5 Bxb2 38.Rd5 Qe7 39.g3 Ra8 40.Qb3 Ra1+ 41.
Rd1 Rxd1+ 42.Qxd1 Qa3 43.Kg2 Qb4 44.Qc2 Kh7 45.Ng1 Ba1 1/2-1/2

[Event "10th EUR-ch (w)"]
[Site "Sankt Petersburg RUS"]
[Date "2009.03.14"]
[Round "7"]
[White "Butuc, Maria"]
[Black "Bezgodova, Maria"]
[Result "1/2-1/2"]
[WhiteElo "2182"]
[BlackElo "2101"]
[EventDate "2009.03.08"]
[PlyCount "133"]

1.Nf3 d5 2.d4 c5 3.c4 cxd4 4.cxd5 Nf6 5.Nxd4 Nxd5 6.e4 Nf6 7.Nc3 e5 8.Ndb5
a6 9.Qxd8+ Kxd8 10.Na3 Nc6 11.Be3 Bb4 12.O-O-O+ Ke8 13.Nc4 Be6 14.Nd6+ 
Bxd6 15.Rxd6 Rd8 16.Rxd8+ Kxd8 17.Be2 Kc8 18.Rd1 Rd8 19.Rxd8+ Kxd8 20.f3 
Kc7 21.b3 Nd7 22.Na4 Kd6 23.Nb6 Nxb6 24.Bxb6 Ne7 25.Kb2 Kc6 26.Bf2 Nc8 27.
a4 Nd6 28.Kc3 f6 29.g4 Bxg4 30.Kd3 Be6 31.Kc3 g6 32.Bg3 g5 33.Bd3 Bh3 34.
Be2 Bg2 35.Be1 g4 36.fxg4 Nxe4+ 37.Kc4 Nc5 38.Kc3 Bd5 39.Bd1 Be6 40.b4 
Ne4+ 41.Kd3 Nd6 42.Bg3 Bf7 43.Bh4 Bg6+ 44.Kd2 Nc4+ 45.Kc3 Ne3 46.Bf3+ e4 
47.Be2 f5 48.gxf5 Nxf5 49.Bg5 Kd5 50.Bf4 Kc6 51.Bg5 Ng7 52.Bc4 Nf5 53.Be2 
Bf7 54.Bg4 Nd6 55.Kd4 Bb3 56.a5 Bc2 57.Be2 h6 58.Bf4 Bb1 59.Bf1 Nf5+ 60.
Ke5 Nh4 61.Bxh6 Nf3+ 62.Kf4 Nxh2 63.Bg2 Kd5 64.Kg3 Nf3 65.Bxf3 exf3 66.
Kxf3 Kc4 67.Bf8 1/2-1/2

[Event "10th EUR-ch (w)"]
[Site "Sankt Petersburg RUS"]
[Date "2009.03.14"]
[Round "7"]
[White "Abuladze, Lana"]
[Black "Cherednichenko, Elena"]
[Result "0-1"]
[WhiteElo "2029"]
[BlackElo "2161"]
[EventDate "2009.03.08"]
[PlyCount "73"]

1.e4 e5 2.Nf3 Nc6 3.d4 exd4 4.Nxd4 Nf6 5.Nc3 Bb4 6.Nxc6 bxc6 7.Bd3 O-O 8.
O-O d5 9.exd5 cxd5 10.Bg5 c6 11.Qf3 Be7 12.Rae1 Re8 13.h3 Be6 14.Nd1 h6 
15.Bh4 Qa5 16.a3 Nh7 17.Bxe7 Rxe7 18.Bxh7+ Kxh7 19.Re2 Rc7 20.Rfe1 Rd8 21.
Qd3+ Kg8 22.f4 g6 23.Rxe6 fxe6 24.Qxg6+ Rg7 25.Qxe6+ Kh7 26.Nf2 Qc5 27.
Qf5+ Kg8 28.Re2 Rf8 29.Qe6+ Kh7 30.f5 Qd4 31.Kh1 Qf4 32.Ng4 Rxf5 33.Qe3 
Qxe3 34.Rxe3 Rf1+ 35.Kh2 h5 36.Ne5 Rf2 37.Nxc6 0-1

[Event "10th EUR-ch (w)"]
[Site "Sankt Petersburg RUS"]
[Date "2009.03.14"]
[Round "7"]
[White "Rozhko, Maria"]
[Black "Malinicheva, Lidia"]
[Result "1-0"]
[WhiteElo "2134"]
[BlackElo "2068"]
[EventDate "2009.03.08"]
[PlyCount "119"]

1.d4 Nf6 2.Nf3 g6 3.c4 Bg7 4.g3 d6 5.Bg2 c6 6.Nbd2 a5 7.Qc2 Nfd7 8.O-O O-O
9.b3 Na6 10.a3 Rb8 11.Bb2 Re8 12.Rfd1 Nf8 13.Bc3 b5 14.d5 cxd5 15.Bxg7 
Kxg7 16.cxd5 Qb6 17.Qb2+ Kg8 18.Nd4 Bb7 19.Ne4 Nd7 20.Ng5 Nc7 21.e4 h6 22.
Nh3 e5 23.dxe6 Nxe6 24.Nxe6 Rxe6 25.Nf4 Re5 26.Nd3 Re7 27.Qd2 g5 28.h4 f6 
29.Nc1 Rd8 30.hxg5 hxg5 31.Qxd6 Qxd6 32.Rxd6 Bxe4 33.Bxe4 Rxe4 34.Nd3 Ree8
35.Rd1 Nf8 36.Rxf6 Rd5 37.Kf1 Red8 38.Ke2 Kg7 39.Rf3 Ng6 40.Rc1 Re8+ 41.
Re3 Red8 42.Rc7+ R8d7 43.Rxd7+ Rxd7 44.Ne5 Rd5 45.Nxg6 Kxg6 46.Re6+ Kf5 
47.Ra6 b4 48.axb4 axb4 49.Rb6 Rd4 50.Rb5+ Kf6 51.Ke3 Rg4 52.Rd5 Ke6 53.Rd4
Kf5 54.Rxg4 Kxg4 55.Ke4 Kh3 56.Kf5 g4 57.Kf4 Kg2 58.Kxg4 Kxf2 59.Kf4 Ke2 
60.Ke4 1-0

[Event "10th EUR-ch (w)"]
[Site "Sankt Petersburg RUS"]
[Date "2009.03.14"]
[Round "7"]
[White "Kuzevanova, Evgenia"]
[Black "Nikanova, Ekaterina"]
[Result "1-0"]
[WhiteElo "2131"]
[BlackElo "2049"]
[EventDate "2009.03.08"]
[PlyCount "65"]

1.e4 c5 2.Nf3 d6 3.d4 cxd4 4.Qxd4 Nc6 5.Bb5 Bd7 6.Bxc6 Bxc6 7.Nc3 h6 8.Be3
e5 9.Qd3 Nf6 10.h3 Qd7 11.O-O-O b5 12.Nh4 b4 13.Nd5 Bxd5 14.exd5 Be7 15.g4
Rc8 16.Nf5 O-O 17.Rhg1 e4 18.Qd2 Qc7 19.Kb1 Nh7 20.h4 Bf6 21.Bd4 Bxd4 22.
Nxd4 Nf6 23.Nf5 e3 24.Nxe3 Ne4 25.Qd4 Rfe8 26.f3 Nc5 27.Nf5 f6 28.g5 Na4 
29.Rc1 Rb8 30.gxf6 Nc3+ 31.bxc3 bxc3+ 32.Ka1 Qa5 33.f7+ 1-0

[Event "10th EUR-ch (w)"]
[Site "Sankt Petersburg RUS"]
[Date "2009.03.14"]
[Round "7"]
[White "Khokhlova, Ekaterina"]
[Black "Yakovich, Yulia"]
[Result "0-1"]
[WhiteElo "1822"]
[BlackElo "2125"]
[EventDate "2009.03.08"]
[PlyCount "88"]

1.e4 e5 2.Nf3 Nc6 3.Bc4 Bc5 4.c3 Nf6 5.d3 a6 6.Nbd2 O-O 7.Bb3 Ba7 8.h3 d6 
9.Nf1 d5 10.Qe2 Be6 11.Ng3 dxe4 12.dxe4 Bxb3 13.axb3 Ne8 14.O-O Nd6 15.Rd1
Qf6 16.Be3 Bxe3 17.Qxe3 Qe6 18.c4 f6 19.Rd2 a5 20.Ne2 b6 21.Nc3 Nb7 22.Nd5
Qf7 23.Rad1 Nc5 24.Ra1 g6 25.Rad1 Rfe8 26.Kh1 Ra7 27.g4 g5 28.Rg1 Qg6 29.
Re2 Kf7 30.h4 gxh4 31.Nxh4 Qg5 32.Qxg5 fxg5 33.Nf3 Kg6 34.Nd2 Nd4 35.Re3 
c6 36.b4 Nd7 37.Nc3 axb4 38.Ne2 Nc5 39.Rgg3 Ra2 40.Nc1 Rxb2 41.Ncb3 Ncxb3 
42.Nxb3 Rxf2 43.Nxd4 exd4 44.Re1 Re5 0-1

[Event "10th EUR-ch (w)"]
[Site "Sankt Petersburg RUS"]
[Date "2009.03.14"]
[Round "7"]
[White "Ryanova, Valeria"]
[Black "De Seroux, Camille"]
[Result "0-1"]
[WhiteElo "2113"]
[BlackElo "1928"]
[EventDate "2009.03.08"]
[PlyCount "42"]

1.e4 c5 2.Nf3 d6 3.d4 cxd4 4.Nxd4 Nf6 5.Nc3 g6 6.Be3 Bg7 7.f3 O-O 8.Qd2 
Nc6 9.Bc4 Bd7 10.O-O-O Rb8 11.Bb3 Na5 12.Kb1 b5 13.h4 Nc4 14.Bxc4 bxc4 15.
Ka1 h5 16.Nde2 Qa5 17.Bd4 Rfc8 18.Qg5 Qb4 19.Rb1 Rc6 20.Rhd1 Ra6 21.Qe3 e5
0-1

[Event "10th EUR-ch (w)"]
[Site "Sankt Petersburg RUS"]
[Date "2009.03.14"]
[Round "7"]
[White "Alexeeva, Alena"]
[Black "Tskhadadze, Anna"]
[Result "1-0"]
[WhiteElo "2039"]
[BlackElo "1821"]
[EventDate "2009.03.08"]
[PlyCount "85"]

1.e4 c5 2.Nc3 d6 3.g3 Nf6 4.Bg2 Nc6 5.d3 g6 6.h3 Bg7 7.Be3 a6 8.Qd2 e5 9.
Nge2 b5 10.O-O Be6 11.f4 Nd4 12.f5 Bd7 13.g4 b4 14.Nd1 Bc6 15.Ng3 Nd7 16.
c3 bxc3 17.bxc3 Nb5 18.Qf2 g5 19.Nh5 Rg8 20.f6 Bh8 21.Qf5 Nf8 22.Bxg5 Bd7 
23.Ng7+ Bxg7 24.fxg7 Bxf5 25.gxf8=Q+ Kxf8 26.Bxd8 Bxg4 27.hxg4 Rxd8 28.a4 
Nc7 29.Ne3 Ne6 30.Rab1 Nf4 31.Rb7 Rg6 32.Nd5 Rxg4 33.Nxf4 exf4 34.Rf3 h5 
35.Kf2 h4 36.Bh3 Rg3 37.Rxg3 fxg3+ 38.Kf3 d5 39.e5 Re8 40.Kf4 Kg8 41.a5 c4
42.d4 Ra8 43.Kg4 1-0

[Event "10th EUR-ch (w)"]
[Site "Sankt Petersburg RUS"]
[Date "2009.03.14"]
[Round "7"]
[White "Kiseleva, Arina"]
[Black "Goriachkina, Alexandra"]
[Result "0-1"]
[WhiteElo "1830"]
[BlackElo "2020"]
[EventDate "2009.03.08"]
[PlyCount "122"]

1.d4 f5 2.Nf3 g6 3.g3 Nf6 4.Bg2 Bg7 5.O-O O-O 6.Nbd2 d6 7.c3 Nc6 8.Qb3+ e6
9.Re1 Ne4 10.Nc4 Kh8 11.Nfd2 Nf6 12.Nf3 Qe8 13.Ncd2 Ne4 14.Qc2 Nxd2 15.
Nxd2 e5 16.dxe5 dxe5 17.e4 Qf7 18.Nf3 h6 19.Nh4 Ne7 20.Be3 c6 21.Bc5 Re8 
22.exf5 Nxf5 23.Nxf5 gxf5 24.Qa4 Be6 25.Be3 Bd5 26.Bxd5 cxd5 27.Qh4 Kh7 
28.a3 b5 29.Qb4 a6 30.Rad1 Red8 31.Re2 Rd7 32.Red2 d4 33.cxd4 f4 34.dxe5 
fxe3 35.Rxd7 Qxf2+ 36.Kh1 Qf3+ 37.Kg1 Rf8 38.Qe1 e2 39.Rc1 Qe3+ 40.Kg2 
Qe4+ 41.Kh3 Qf5+ 42.g4 Qxd7 43.Qxe2 Re8 44.Qe4+ Kh8 45.Qg6 Rxe5 46.Rg1 
Re3+ 47.Rg3 Rxg3+ 48.hxg3 a5 49.Qe4 Bxb2 50.Qa8+ Kg7 51.Qxa5 h5 52.Kh2 
hxg4 53.Qb4 Bf6 54.Qf4 Qc8 55.Qe4 Qd7 56.Qf4 Kg6 57.Qb4 Qf5 58.Qd2 Be7 59.
Qa2 Qh5+ 60.Kg2 Qh3+ 61.Kg1 Bc5+ 0-1

[Event "10th EUR-ch (w)"]
[Site "Sankt Petersburg RUS"]
[Date "2009.03.16"]
[Round "8"]
[White "Melia, Salome"]
[Black "Grabuzova, Tatiana"]
[Result "1-0"]
[WhiteElo "2422"]
[BlackElo "2332"]
[EventDate "2009.03.08"]
[PlyCount "77"]

1.e4 c6 2.d4 d5 3.Nc3 dxe4 4.Nxe4 Bf5 5.Ng3 Bg6 6.h4 h6 7.Nf3 Nd7 8.h5 Bh7
9.Bd3 Bxd3 10.Qxd3 e6 11.Bd2 Qc7 12.O-O-O Ngf6 13.Qe2 c5 14.Rh4 cxd4 15.
Rxd4 Bc5 16.Rc4 Nb6 17.Rc3 Nbd5 18.Qb5+ Nd7 19.Ne5 Nxc3 20.Bxc3 O-O-O 21.
Nxd7 Bxf2 22.Bxg7 Be3+ 23.Kb1 Rhg8 24.Ne4 Bf4 25.Bxh6 Rxg2 26.c3 a6 27.
Bxf4 axb5 28.Bxc7 Rxd7 29.Rxd7 Kxd7 30.Be5 Ke7 31.h6 Rg1+ 32.Kc2 Rh1 33.
Bd6+ Kd8 34.Bf8 f5 35.Ng5 f4 36.Bg7 Ke7 37.Kd3 f3 38.Ke3 Rh5 39.h7 1-0

[Event "10th EUR-ch (w)"]
[Site "Sankt Petersburg RUS"]
[Date "2009.03.16"]
[Round "8"]
[White "Arakhamia-Grant, Ketevan"]
[Black "Bodnaruk, Anastasia"]
[Result "1/2-1/2"]
[WhiteElo "2500"]
[BlackElo "2384"]
[EventDate "2009.03.08"]
[PlyCount "155"]

1.e4 c5 2.Nf3 d6 3.d4 cxd4 4.Nxd4 Nf6 5.Nc3 a6 6.f4 e5 7.Nf3 Nbd7 8.a4 Be7
9.Bd3 O-O 10.O-O Nc5 11.Kh1 d5 12.Nxe5 Ncxe4 13.Bxe4 dxe4 14.Qe2 Qc7 15.
Be3 h5 16.a5 Bf5 17.Bb6 Qc8 18.Ra4 Qe6 19.Qc4 Qxc4 20.Rxc4 Rac8 21.Rd1 g6 
22.h3 Kg7 23.Rd2 h4 24.Kg1 Nh5 25.Nd5 Bd6 26.Ne3 Rxc4 27.N3xc4 Bb8 28.Nd6 
Bxd6 29.Rxd6 Nxf4 30.Nd7 Rc8 31.Bd4+ Kg8 32.Nf6+ Kf8 33.Be5 g5 34.c3 Nd3 
35.Bd4 Nf4 36.Kf2 Ne6 37.Be5 Nc5 38.Ke2 Nd3 39.Bd4 Nxb2 40.Rd5 Bg6 41.Rxg5
Nc4 42.Rg4 Nxa5 43.Rxh4 Ke7 44.Nxe4 Nb3 45.Bg7 a5 46.Nf6 Nc5 47.Nd5+ Kd6 
48.Nb6 Re8+ 49.Kd1 Kc6 50.Nc4 a4 51.Ne5+ Kd5 52.Rd4+ Ke6 53.Nxg6 fxg6 54.
Rd2 Ra8 55.Kc2 a3 56.Rd1 b5 57.Bd4 Ne4 58.Ra1 Kd5 59.Kb3 Nd2+ 60.Kc2 Nc4 
61.Kb3 Re8 62.Ra2 Re1 63.Rf2 Ke6 64.h4 Rh1 65.g3 Kd5 66.Re2 Rh3 67.Kb4 
Rxg3 68.Kxb5 Rg4 69.Kb4 Rxh4 70.Rg2 Rh1 71.Rg5+ Ke4 72.Rg2 Kd3 73.Rg3+ Ke4
74.Rg2 Kd5 75.Rg5+ Ke4 76.Rg2 Kd3 77.Rg3+ Ke4 78.Rg2 1/2-1/2

[Event "10th EUR-ch (w)"]
[Site "Sankt Petersburg RUS"]
[Date "2009.03.16"]
[Round "8"]
[White "Lomineishvili, Maia"]
[Black "Nebolsina, Vera"]
[Result "1-0"]
[WhiteElo "2437"]
[BlackElo "2312"]
[EventDate "2009.03.08"]
[PlyCount "93"]

1.d4 Nf6 2.c4 g6 3.g3 Bg7 4.Bg2 d5 5.cxd5 Nxd5 6.Nf3 Nb6 7.O-O Nc6 8.Nc3 
Nxd4 9.Nxd4 Qxd4 10.Nb5 Qc4 11.a4 O-O 12.b3 Qg4 13.Bf4 Be6 14.h3 Qh5 15.g4
Bxg4 16.hxg4 Qxg4 17.e3 Qxd1 18.Raxd1 c6 19.a5 e5 20.axb6 axb6 21.Bg5 cxb5
22.Be7 Rfe8 23.Rd7 Bf8 24.Bxf8 Kxf8 25.Rxb7 e4 26.Rxb6 Re5 27.Rd1 Ra2 28.
Rbd6 Rb2 29.R6d4 Rxb3 30.Bxe4 Rb2 31.Rb1 Rg5+ 32.Kf1 Ra2 33.Rdb4 Re5 34.
Bf3 Rc5 35.R4b2 Rc1+ 36.Kg2 b4 37.Rxb4 Rcc2 38.Rf1 h5 39.Bd5 Ra5 40.Rd1 
Rcc5 41.e4 Ra6 42.Rd3 Rf6 43.Rb8+ Kg7 44.Rb7 Rc1 45.e5 Rf5 46.e6 Rg5+ 47.
Kh2 1-0

[Event "10th EUR-ch (w)"]
[Site "Sankt Petersburg RUS"]
[Date "2009.03.16"]
[Round "8"]
[White "Severiukhina, Zoya"]
[Black "Ovod, Evgenia"]
[Result "1-0"]
[WhiteElo "2327"]
[BlackElo "2430"]
[EventDate "2009.03.08"]
[PlyCount "77"]

1.e4 e5 2.Nf3 Nc6 3.Bb5 a6 4.Ba4 Nf6 5.O-O Be7 6.Re1 d6 7.c3 Bg4 8.h3 Bh5 
9.d3 Qd7 10.Nbd2 g5 11.Bxc6 bxc6 12.d4 g4 13.hxg4 Qxg4 14.Qa4 Rg8 15.Qxc6+
Kf8 16.Qxa8+ Ne8 17.g3 Qh3 18.Re3 Rxg3+ 19.fxg3 Qxg3+ 20.Kf1 Bg4 21.b3 Bg5
22.Ke2 Qg1 23.Rd3 h5 24.dxe5 h4 25.exd6 cxd6 26.Ba3 Qg2+ 27.Kd1 Qh1+ 28.
Kc2 Qxa1 29.Bxd6+ Kg7 30.Qxe8 Qxa2+ 31.Kd1 Bxf3+ 32.Nxf3 Qxb3+ 33.Ke2 Qa2+
34.Nd2 Bxd2 35.Rxd2 Qc4+ 36.Rd3 Qa2+ 37.Ke3 h3 38.Be5+ Kg6 39.Rd6+ 1-0

[Event "10th EUR-ch (w)"]
[Site "Sankt Petersburg RUS"]
[Date "2009.03.16"]
[Round "8"]
[White "Romanko, Marina"]
[Black "Shumiakina, Tatiana"]
[Result "1-0"]
[WhiteElo "2451"]
[BlackElo "2324"]
[EventDate "2009.03.08"]
[PlyCount "59"]

1.d4 d5 2.c4 c6 3.Nf3 Nf6 4.e3 e6 5.Bd3 dxc4 6.Bxc4 c5 7.O-O a6 8.Qe2 b5 
9.Bd3 Bb7 10.a4 bxa4 11.Rxa4 cxd4 12.Rxd4 Nbd7 13.Nc3 Be7 14.Rd1 Qc7 15.
Ng5 Nc5 16.Bc2 h6 17.Nf3 O-O 18.e4 Ncd7 19.e5 Bxf3 20.Qxf3 Nxe5 21.Qg3 Bc5
22.Rh4 Qa7 23.Rf1 Neg4 24.Rxg4 Nxg4 25.Qxg4 Kh8 26.Bf4 Rad8 27.Be5 f6 28.
Qg6 Kg8 29.Qh7+ Kf7 30.Bg6+ 1-0

[Event "10th EUR-ch (w)"]
[Site "Sankt Petersburg RUS"]
[Date "2009.03.16"]
[Round "8"]
[White "Khukhashvili, Sopiko"]
[Black "Tomilova, Elena"]
[Result "1-0"]
[WhiteElo "2416"]
[BlackElo "2300"]
[EventDate "2009.03.08"]
[PlyCount "69"]

1.e4 c6 2.d4 d5 3.Nc3 dxe4 4.Nxe4 Nd7 5.Bd3 Ndf6 6.Ng5 Bg4 7.N1f3 Bxf3 8.
Nxf3 e6 9.Ne5 Bd6 10.Qe2 Ne7 11.a3 Ng6 12.f4 Qc7 13.Bd2 O-O 14.h4 c5 15.h5
Ne7 16.dxc5 Bxc5 17.g4 Nc6 18.Nxc6 Qxc6 19.O-O-O Rac8 20.Kb1 Qb6 21.Ka2 
Rfd8 22.Rh3 Nd5 23.Be4 a5 24.c4 Nb4+ 25.axb4 axb4 26.Bc2 Bd4 27.Kb1 Ra8 
28.Bc1 Ra5 29.Bb3 Rda8 30.Rhd3 Ra1+ 31.Kc2 Bc3 32.bxc3 bxc3 33.Rxc3 R8a2+ 
34.Bb2 Rxd1 35.Bxa2 1-0

[Event "10th EUR-ch (w)"]
[Site "Sankt Petersburg RUS"]
[Date "2009.03.16"]
[Round "8"]
[White "Savina, Anastasia"]
[Black "Turova, Irina"]
[Result "0-1"]
[WhiteElo "2297"]
[BlackElo "2379"]
[EventDate "2009.03.08"]
[PlyCount "100"]

1.d4 Nf6 2.c4 e6 3.Nc3 Bb4 4.Qc2 c5 5.dxc5 Na6 6.a3 Bxc3+ 7.Qxc3 Nxc5 8.b4
Na4 9.Qc2 b5 10.Bf4 Bb7 11.e3 Rc8 12.c5 a6 13.Rd1 O-O 14.Bd6 Re8 15.f3 e5 
16.Nh3 h6 17.Bd3 e4 18.fxe4 Nxe4 19.O-O Nxd6 20.Bh7+ Kh8 21.Rxd6 Qe7 22.
Bf5 Bc6 23.e4 Kg8 24.Nf2 Nb6 25.Rd4 Nc4 26.Qc1 Rc7 27.Ng4 Qg5 28.Qxg5 hxg5
29.Rfd1 Re7 30.R1d3 Kf8 31.Nf2 g6 32.Bg4 a5 33.h3 axb4 34.axb4 Ra7 35.Kh2 
Ke8 36.Bd1 Ra2 37.Ng4 f5 38.Nf6+ Kf7 39.Bb3 Rb2 40.Nh7 fxe4 41.Re3 Re5 42.
Bxc4+ bxc4 43.Rg3 e3 44.Nxg5+ Ke8 45.b5 Rxb5 46.Ne4 Rxe4 47.Rxe4+ Bxe4 48.
Rxe3 d5 49.cxd6 Re5 50.Kg3 Re6 0-1

[Event "10th EUR-ch (w)"]
[Site "Sankt Petersburg RUS"]
[Date "2009.03.16"]
[Round "8"]
[White "Guramishvili, Sopiko"]
[Black "Zhukova, Natalia"]
[Result "1/2-1/2"]
[WhiteElo "2281"]
[BlackElo "2490"]
[EventDate "2009.03.08"]
[PlyCount "149"]

1.d4 Nf6 2.c4 e6 3.Nc3 Bb4 4.Bg5 h6 5.Bh4 c5 6.d5 d6 7.Qc2 O-O 8.e3 Qe7 9.
Bd3 Nbd7 10.Ne2 exd5 11.cxd5 Ne5 12.O-O c4 13.Bf5 Bxf5 14.Qxf5 Qd7 15.Qc2 
Ne8 16.Nd4 f5 17.Nce2 Nc7 18.f4 Ng4 19.Rf3 Rae8 20.Bf2 Nxd5 21.Qxc4 Qf7 
22.Qd3 Bc5 23.Ng3 g6 24.a3 Re7 25.Rd1 Nxf2 26.Kxf2 Nf6 27.Kg1 Ne4 28.Nf1 
Rfe8 29.Nc2 Kh7 30.h3 Qa2 31.b4 Bb6 32.g4 Rc7 33.Ne1 Rc3 34.Qb5 Qe6 35.Ng2
Rc2 36.Qd5 fxg4 37.hxg4 Qxd5 38.Rxd5 Nf6 39.Rxd6 Nxg4 40.Rd7+ Kh8 41.Rg3 
h5 42.Nh4 Re6 43.Rxb7 Ra2 44.f5 gxf5 45.Nxf5 Rf6 46.Rf3 Rf8 47.Nh4 Rxf3 
48.Nxf3 Rxa3 49.Re7 Rb3 50.Re4 Bxe3+ 51.Nxe3 Rxe3 52.Rxe3 Nxe3 53.Nd4 Nd5 
54.b5 Nc3 55.Kg2 Kg7 56.Kf3 Kg6 57.Kf4 Kf6 58.Kg3 Kg5 59.Ne6+ Kf5 60.Nd4+ 
Kf6 61.Kh4 Kg6 62.Kh3 Kg5 63.Ne6+ Kf6 64.Nd4 Nxb5 65.Nxb5 a5 66.Kh4 Ke5 
67.Kxh5 Kd5 68.Kg4 Kc4 69.Na3+ Kb3 70.Nb5 Kb4 71.Nd4 a4 72.Kf3 Kc4 73.Ke3 
a3 74.Nc2 a2 75.Kd2 1/2-1/2

[Event "10th EUR-ch (w)"]
[Site "Sankt Petersburg RUS"]
[Date "2009.03.16"]
[Round "8"]
[White "Chasovnikova, Eugenia"]
[Black "Peptan, Corina-Isabela"]
[Result "1-0"]
[WhiteElo "2302"]
[BlackElo "2401"]
[EventDate "2009.03.08"]
[PlyCount "120"]

1.d4 Nf6 2.Nf3 e6 3.c4 b6 4.g3 Ba6 5.Qc2 c5 6.d5 exd5 7.cxd5 g6 8.Nc3 Bg7 
9.Bg2 O-O 10.O-O d6 11.Bf4 b5 12.a3 Qc7 13.Rfc1 Nbd7 14.Qd2 Rfe8 15.b4 Ne4
16.Nxe4 Rxe4 17.Ng5 Rc4 18.Rab1 Ne5 19.bxc5 Qxc5 20.Qa5 Qb6 21.Qxb6 axb6 
22.Ne4 Rd8 23.Bg5 Rd7 24.Nf6+ Bxf6 25.Bxf6 Rxc1+ 26.Rxc1 Nc4 27.Bh3 Rc7 
28.e4 Bc8 29.Bf1 Ba6 30.f4 Kf8 31.e5 Rc5 32.Bg2 Bb7 33.exd6 Nxd6 34.Re1 
Rc7 35.Bd8 Rd7 36.Bxb6 Nc4 37.Bc5+ Kg7 38.Rd1 f5 39.Kf2 Kf7 40.Bf3 Nb2 41.
Rd4 Na4 42.Bb4 Nb6 43.Be2 Ba6 44.d6 Ke6 45.Bd1 Rg7 46.Bc5 Nc4 47.Bb3 Kd7 
48.Bb4 Rg8 49.h4 h5 50.Rd1 Re8 51.Re1 Rxe1 52.Kxe1 Bb7 53.a4 Nb2 54.Kd2 
bxa4 55.Bf7 Be4 56.Ba3 Nd3 57.Ke2 g5 58.hxg5 h4 59.g6 hxg3 60.g7 Nxf4+ 1-0

[Event "10th EUR-ch (w)"]
[Site "Sankt Petersburg RUS"]
[Date "2009.03.16"]
[Round "8"]
[White "Daulyte, Deimante"]
[Black "Calzetta Ruiz, Monica"]
[Result "1/2-1/2"]
[WhiteElo "2279"]
[BlackElo "2371"]
[EventDate "2009.03.08"]
[PlyCount "112"]

1.e4 c5 2.Nf3 d6 3.d4 cxd4 4.Nxd4 Nf6 5.Nc3 g6 6.Be3 a6 7.Be2 Bg7 8.O-O 
O-O 9.a4 Bd7 10.a5 Nc6 11.Nb3 Bc8 12.Bb6 Qe8 13.f4 Be6 14.Bf3 Bxb3 15.cxb3
Nd7 16.Bf2 Qd8 17.Bg4 h5 18.Bh3 Rb8 19.e5 Nc5 20.Nd5 e6 21.exd6 Ne4 22.Bb6
Qxd6 23.Ne3 Qxd1 24.Raxd1 Bxb2 25.g3 Bc3 26.Nc4 Bb4 27.Kg2 Rfc8 28.Kf3 Nc3
29.Rd7 Nd5 30.Rd1 Nxb6 31.axb6 Rd8 32.Bg2 Bc5 33.Rxd8+ Rxd8 34.Rxd8+ Nxd8 
35.Ke2 Kf8 36.Na5 Bxb6 37.Nxb7 Ke7 38.Nxd8 Kxd8 39.h3 a5 40.g4 h4 41.Kd3 
Kd7 42.Ke4 f5+ 43.gxf5 gxf5+ 44.Kd3 Kd6 45.Bb7 Bc5 46.Bc8 Ba3 47.Ke3 Bc1+ 
48.Kf3 Bd2 49.Ba6 Kc5 50.Bc8 Kd5 51.Bd7 Bc1 52.Bc8 Kd6 53.Ba6 e5 54.fxe5+ 
Kxe5 55.Bc4 Kd4 56.Be6 Ke5 1/2-1/2

[Event "10th EUR-ch (w)"]
[Site "Sankt Petersburg RUS"]
[Date "2009.03.16"]
[Round "8"]
[White "Cherednichenko, Svetlana"]
[Black "Manakova, Maria"]
[Result "1-0"]
[WhiteElo "2367"]
[BlackElo "2299"]
[EventDate "2009.03.08"]
[PlyCount "63"]

1.d4 d5 2.Nf3 Nf6 3.e3 e6 4.Bd3 c5 5.b3 Nc6 6.Bb2 Bd6 7.Nbd2 O-O 8.a3 cxd4
9.exd4 Nh5 10.g3 Nf6 11.Ne5 Nd7 12.f4 Ndxe5 13.fxe5 Be7 14.Qh5 g6 15.Qe2 
Qb6 16.Nf3 f6 17.h4 fxe5 18.dxe5 Bd7 19.O-O-O Rac8 20.Kb1 Qa5 21.b4 Bxb4 
22.axb4 Nxb4 23.Nd4 Qa2+ 24.Kc1 a5 25.Rdf1 Rfd8 26.Bxg6 hxg6 27.Rf6 Be8 
28.Rhf1 Qa4 29.Qd2 Na2+ 30.Kd1 Qb4 31.Qh6 Nc3+ 32.Bxc3 1-0

[Event "10th EUR-ch (w)"]
[Site "Sankt Petersburg RUS"]
[Date "2009.03.16"]
[Round "8"]
[White "Borisova, Elizaveta"]
[Black "Zayats, Elena"]
[Result "1/2-1/2"]
[WhiteElo "2270"]
[BlackElo "2364"]
[EventDate "2009.03.08"]
[PlyCount "135"]

1.e4 e5 2.Nf3 Nc6 3.Nc3 Nf6 4.Bb5 Nd4 5.Bc4 Nxf3+ 6.Qxf3 d6 7.d3 c6 8.Bb3 
Be7 9.h3 Be6 10.Bxe6 fxe6 11.Qe2 O-O 12.O-O Qe8 13.f4 Nh5 14.Qg4 Nxf4 15.
Bxf4 Rxf4 16.Rxf4 exf4 17.Qxe6+ Qf7 18.Qxf7+ Kxf7 19.Rf1 g5 20.g3 Bf6 21.
gxf4 gxf4 22.Rxf4 Ke6 23.Kg2 b5 24.Nd1 h5 25.Rf3 Be5 26.c3 c5 27.Ne3 b4 
28.cxb4 cxb4 29.b3 Rg8+ 30.Kf1 Bd4 31.Ng2 Rc8 32.Nf4+ Kd7 33.Ne2 Bb6 34.
Rf7+ Ke6 35.Rf5 Rc2 36.Rxh5 Rxa2 37.Rb5 Rd2 38.Rxb4 Kf6 39.d4 Kg5 40.Rb5+ 
Kh4 41.Rd5 Bc7 42.Kf2 Kxh3 43.Rg5 Rb2 44.Rg7 Bb6 45.Kf3 Rxb3+ 46.Kf4 Kh2 
47.Rg6 Rb1 48.Ke3 Kh3 49.Rxd6 Rb3+ 50.Kf2 Kg4 51.Rg6+ Kh5 52.Rg1 Kh6 53.e5
a5 54.e6 Bd8 55.Rg8 Bh4+ 56.Kg2 Re3 57.Nf4 Kh7 58.Rg4 Be7 59.d5 a4 60.Nh5 
Kh6 61.Ng3 Re5 62.Rxa4 Rxd5 63.Ra7 Bf6 64.Ne4 Kg6 65.Kf3 Rf5+ 66.Ke3 Re5 
67.e7 Rxe7 68.Ra6 1/2-1/2

[Event "10th EUR-ch (w)"]
[Site "Sankt Petersburg RUS"]
[Date "2009.03.16"]
[Round "8"]
[White "Motoc, Alina"]
[Black "Cherenkova, Kristina"]
[Result "1/2-1/2"]
[WhiteElo "2358"]
[BlackElo "2270"]
[EventDate "2009.03.08"]
[PlyCount "109"]

1.d4 d5 2.c4 e6 3.Nf3 c5 4.cxd5 exd5 5.Nc3 Nc6 6.g3 Nf6 7.Bg2 Be7 8.O-O 
O-O 9.Bg5 cxd4 10.Nxd4 h6 11.Nxc6 bxc6 12.Be3 Be6 13.Na4 Qa5 14.Rc1 Rac8 
15.Nc5 Rfe8 16.a3 Nd7 17.Nxe6 fxe6 18.Qd4 Bf6 19.Qg4 Ne5 20.Qh5 Qb5 21.b4 
Nc4 22.Bxa7 Nxa3 23.Bc5 Qb7 24.e4 Qf7 25.Qxf7+ Kxf7 26.f4 g6 27.g4 Kg7 28.
f5 dxe4 29.fxg6 Kxg6 30.Bxe4+ Kg7 31.Rf3 Nb5 32.Rcf1 Nc3 33.Bxc6 Rxc6 34.
Rxf6 Ne4 35.Rf7+ Kg8 36.Bf8 e5 37.Rg7+ Kh8 38.Rb7 Rg6 39.h3 h5 40.b5 hxg4 
41.h4 Ng3 42.Rff7 Kg8 43.Bc5 Ne2+ 44.Kf1 Nf4 45.Rbe7 Rxe7 46.Rxe7 g3 47.h5
g2+ 48.Kg1 Rg5 49.h6 Ne2+ 50.Kh2 g1=Q+ 51.Bxg1 Nxg1 52.b6 Nf3+ 53.Kh3 Ng1+
54.Kh2 Nf3+ 55.Kh3 1/2-1/2